MDQL
is popping MORE tags! Check the
thread
!
Quizzes
Events
Quiz Creation
Community
Videos
Private Events
Remove Ads
Sign In
Join for FREE
Feedback
Dark Mode
Quiz Categories
Sports
Geography
Music
Movies
Television
Just For Fun
Miscellaneous
History
Literature
Language
Science
Gaming
Entertainment
Religion
Holiday
For Kids
Quiz Lab
Recent
Popular Today
Quiz Kudos Today
Editor Picks
Curator Picks
Quizzes by...
Day
Popularity
Type
Ratings
Length
Year
Community
Subscriptions
Recent Discussions
Orange Saloon
Badges
Playlists
Quests
Create
Leaderboards
Showdown
Live 5
Trivia Bingo
Activity
Puzzle Library
Sporcle Events
Private Events
Virtual Trivia
Globe League
Become a Host
Pub Owners
SporcleCon
Opinionation
Our Games
Videos
Blog
Mobile Apps
Partnerships
Remove Ads and Go Orange
Feedback
Sports
Athletes
MLB
NBA
NHL
NFL
Soccer
Sports Teams
WWE
NCAA
Football
Premier League
Basketball
Baseball
Hockey
Golf
Tennis
Cricket
Rugby
Auto Racing
Olympics
World Cup
Sports
Athletes
MLB
NBA
NHL
NFL
Soccer
Sports Teams
WWE
NCAA
Football
Premier League
Basketball
Baseball
Hockey
Golf
Tennis
Cricket
Rugby
Auto Racing
Olympics
World Cup
Random Quiz
Search Sporcle
×
Quiz Lab
Quiz Lab
Sports
Baseball
Type in answers that appear in a list
Type in answers that appear in a list
Classic
Best Score? Go Orange.
Name the active MLB players with... Stats
Can you name the Active MLB players who have...?
By
Thinkyourcoolkid
10m
92 Questions
2,812 Plays
2,812 Plays
2,812 Plays
Comments
Comments
Give Quiz Kudos
Give Quiz Kudos
-
- Ratings
hide this ad
Replay
Link that replays current quiz
Next Quiz
Link to next quiz in quiz playlist
You Got
0%
They Got
Avg Score
54%
Avg Friend Score
Upgrade to see
Score Distribution
Jump to the score distribution portion of the page
Score
0/92
Timer
10:00
0
Plays Today
% Correct
Alex Rodriguez
95.4%
Alex Rodriguez
95.4%
Alex Rodriguez
94.9%
Francisco Rodriguez
94.7%
Ivan Rodriguez
94.5%
Derek Jeter
94.4%
Derek Jeter
94.4%
Jim Thome
88.9%
Jim Thome
88.9%
Albert Pujols
86.9%
Albert Pujols
86.9%
Mariano Rivera
85.8%
Carlos Lee
79.2%
CC Sabathia
76.6%
CC Sabathia
76.6%
Roy Halladay
76.4%
Roy Halladay
76.4%
Chipper Jones
76.1%
Chipper Jones
76.1%
Andruw Jones
76.1%
Ichiro Suzuki
74.3%
Ichiro Suzuki
74.3%
David Ortiz
73.1%
Orlando Cabrera
65.4%
Juan Pierre
65.1%
Juan Pierre
65.1%
Paul Konerko
64.3%
Paul Konerko
64.3%
Jimmy Rollins
61.7%
Vladimir Guerrero
61%
Vladimir Guerrero
61%
% Correct
Todd Helton
60.7%
Lance Berkman
60.3%
Jose Reyes
58.6%
Adam Dunn
58.6%
Tim Hudson
57.3%
Tim Hudson
57.3%
Johan Santana
56.8%
Roy Oswalt
56.5%
Roy Oswalt
56.5%
Johnny Damon
56.2%
Johnny Damon
56.2%
Tim Wakefield
55.7%
Tim Wakefield
55.7%
Michael Young
55.5%
Josh Beckett
55.1%
Jonathan Papelbon
54.6%
Jason Giambi
53.8%
Adrian Beltre
52.7%
Livan Hernandez
52.5%
Livan Hernandez
52.5%
Omar Vizquel
51.8%
Omar Vizquel
51.8%
Barry Zito
51.6%
Chris Carpenter
51.1%
Carl Crawford
48.8%
Joakim Soria
47.3%
Magglio Ordonez
45%
Joe Nathan
44.5%
Mark Buehrle
44.1%
Miguel Tejada
44%
A.J. Burnett
44%
% Correct
Brian Wilson
43.7%
Derek Lowe
43.5%
Derek Lowe
43.5%
Brad Lidge
42.2%
Bobby Abreu
41.3%
Bobby Abreu
41.3%
Bartolo Colon
38.8%
Bartolo Colon
38.8%
Jose Valverde
38.3%
Francisco Cordero
37.1%
Jake Peavy
36.9%
Scott Rolen
35.7%
Carlos Zambrano
34.7%
Javier Vazquez
34.2%
Javier Vazquez
34.2%
Edgar Renteria
30.6%
Kerry Wood
30%
Jason Isringhausen
27.8%
Rafael Furcal
26.2%
Scott Podsednik
25%
Huston Street
23.7%
Chone Figgins
20.5%
Ryan Dempster
19.3%
Bobby Jenks
19.3%
J.J. Putz
18.9%
Kevin Millwood
18.9%
Kevin Millwood
18.9%
Brian Fuentes
16.4%
Ted Lilly
15.7%
Randy Wolf
13.9%
Quiz Playlist
Details
Report
Send in Message
Add To Playlist
Classic:
Type in answers that appear in a list
Last Updated: Aug 1, 2017
Quiz Scoreboard
CHALLENGE
Sign Up to Join the Scoreboard
Show All
Scores
Hide
Comments
May contain spoilers
Recently Published
Holiday 10x10 Sorting Gallery
by lukepisani3
Holiday
15m
Two Season TV Shows II
by 123Four
Television
10m
Image Sorting: Flags VI
by Barbecue
Geography
2m
More to Explore
Quiz From the Vault
Featured Blog Post
14 Easter Pick-up Lines to Find Eggs With
hide this ad
You Might Also Like...
Tags
Baseball Quiz
MLB Quiz
Active
Today's Top Quizzes in Sports
Browse Sports
hide this ad
Today's Top Quizzes in Baseball
Browse Baseball
Top Contributed Quizzes in Sports
1
Les meilleurs buteurs des matchs entre le PSG et l’OM
2
Les entraîneurs de l'OM et du PSG au 21e siècle
3
2022 World Cup Stars
4
Les joueurs passés par le PSG et l'OM
5
Players with Multiple 50 Home Run Seasons
6
FIFA Club World Cup Champions
7
Top 10 NHL Goal Scorers of All Time
8
Les joueurs passés par le LOSC et le RC Lens
9
Criteria MLB: Left Handed Sluggers
10
2023 MLB Unique Player Accomplishments
Explore More
Trending Topics
Harry Potter
Crossword
Disney
Anime
NBA
Marvel
Kpop
WWE
Song
Soccer
Pokémon
The Office
Puzzle
Country
NFL
hide this ad
More By:
Thinkyourcoolkid
Quiz
Plays
Rating
Category
Featured
Created
Name the active MLB players with...
2,812
4.22
Sports
Nov 7, 2011
MLB Multiple Types of MVP
2,635
4.50
Sports
Oct 19, 2012
MLB Most All-Star Starts by Team
903
4.50
Sports
Sep 14, 2011
Active MLB Hall of Fame Probables
517
1.50
Sports
Sep 19, 2011
350/2500 Club
476
4.40
Sports
Sep 16, 2011
Go to Creator's Profile
Score Distribution
Quiz Creator Spotlight
Thinkyourcoolkid
Follow
Send a Message
Quizzes Created
-
Created Quiz Play Count
-
More By This Creator
Popular Quizzes Today
1
Find the US States - No Outlines Minefield
2
Colored Red Africa Blitz
3
Find the 'City' Movie
4
The Countries of the World
5
Find the US States
6
5x2 Blitz: Bands
7
Find the Countries of Europe - No Outlines Minefield
8
US States
More Sports Quizzes
MLB MVP Reveal (2000-Present) XV
Quiz Lab
Trending Quizzes
Colored Red Europe Blitz I
Colored Red Europe Blitz II
Colored Red Africa Blitz II
Colored Red Europe Blitz III
Colored Red Africa Blitz III
Recently Updated
Odd Team Out - Big 4 Players
pecheneg
Quick Pick: 20 Twenties
pecheneg
March Madness Men's Triple Doubles
pecheneg
How Do You Spell That?
pecheneg
Godzilla Movies
pecheneg
Grab Bag: 4-10 Letters
pecheneg
2024 March Madness Bracket
pecheneg
Famous TV Couples
Peacemaker
Champions League XIs: Real Madrid
pecheneg
Largest US Cities 1790-2010
pecheneg
Trending Topics
NBA
Marvel
Harry Potter
Anime
Disney
Crossword
Kpop
WWE
Country
Puzzle
Song
NFL
Soccer
The Office
Pokémon
Your Account Isn't Verified!
In order to create a playlist on Sporcle, you need to verify the email address you used during registration. Go to your
Sporcle Settings
to finish the process.
Report this User
Report this user for behavior that violates our
Community Guidelines
.
Details:
Send Report
Go to the Sporcle.com Mobile Site →
Comments